| 000 | 00718nam a2200241 a 4500 | ||
|---|---|---|---|
| 001 | 47113 | ||
| 003 | BD-RjUL | ||
| 005 | 20211209054248.0 | ||
| 008 | 160807s1958 enk 001 0 eng | ||
| 035 | _a(BD-RjUL)47232 | ||
| 040 |
_aDLC _cFUB _dm.c _dBD-RjUL _beng |
||
| 041 | _aeng | ||
| 082 |
_223 _a343 _bWIS 1958 |
||
| 100 | 1 |
_aWilliams, Glanville _9139266 |
|
| 245 | 1 | 4 |
_aThe sanctity of life and the criminal law / _cGlanville Williams |
| 260 |
_aLondon : _bFaber and Faber, _c1958, |
||
| 300 |
_a319 p. ; _c23 cm |
||
| 500 | _aindex | ||
| 650 | 0 |
_aCriminal law -- Philosophy.. _9143468 |
|
| 650 | 0 |
_aLaw and ethics. _9142512 |
|
| 650 | 0 |
_aWilliams, Glanville Llewelyn, -- 1911-1997. _9143469 |
|
| 942 |
_2ddc _cBK |
||
| 999 |
_c47113 _d47113 |
||